02371cam a22003615i 4500999001700000001001000017003000900027005001700036008004100053020002600094020002300120040004500143082002200188100003500210245009600245250003400341250002800375264007100403300004500474336002600519337002800545338002700573490004200600500002700642504005100669520101500720650003601735650003701771651001001808653002501818942001201843952015401855 c23381d23353015804557EG-ScBUE20200205120159.0110504r20152012flua f bd 001 0 eng d a9781439820858 (pbk.)  a1439820856 (pbk.)  aStDuBDSbengerdacStDuBDSdUkdEG-ScBUE04a808.0666bLAP22210aLaplante, Phillip A.,eauthor.10aTechnical writing :ba practical guide for engineers and scientists /cPhillip A. Laplante. aFirst Indian Reprint edition. aSpecial Indian edition. 1aBoca Raton, FL. :bCRC Press / Taylor & Francis Group, LLC,c2015. axix, 229 pages :billustration ;c23 cm. atextbtxt2rdacontent aunmediatedbn2rdamedia avolumebnc2rdacarrier0 aWhat every engineer should know ;v47 aGlossary : p. 221-224. aIncludes bibliographical references and index. aEngineers and scientists of all types are often required to write reports, summaries, manuals, guides, and so forth. While these individuals certainly have had some sort of English or writing course, it is less likely that they have had any instruction in the special requirements of technical writing. Filling this void, Technical Writing: A Practical Guide for Engineers and Scientists enables readers to write, edit, and publish materials of a technical nature, including books, articles, reports, and electronic media. Written by a renowned engineer and widely published technical author, this guide complements the traditional writer's reference manuals and other books on technical writing. It helps readers understand the practical considerations in writing technical content. Drawing on his own work, the author presents many first-hand examples of writing, editing, and publishing technical materials. These examples illustrate how a publication originated as well as various challenges and solutions. 7aTechnical writing.2BUEsh95292 7aCommunication in science.2BUEsh 2BUEsh bENGGENcNovember2016 2ddccBB 00102ddc40708AlahramaMAINbMAINc2NDd2016-11-28ePurchaseg196.00h117l0o808.0666 LAPp000034825r2025-07-15 00:00:00v245.00w2016-11-28yBB